[Event "Havana Giraldilla op"]
[Site "Havana"]
[Date "2024.08.17"]
[Round "9"]
[White "Rodriguez Leon, Adam"]
[Black "Guillen Napoles, Jorge Felipe"]
[Result "1-0"]
[WhiteElo "1549"]
[BlackElo "1983"]
[PlyCount "83"]
[EventDate "2024.08.12"]
[EventType "swiss"]
[EventRounds "9"]
[EventCountry "CUB"]
[SourceTitle "CBM 221 Extra"]
[Source "ChessBase"]
[SourceDate "2024.09.30"]
[SourceVersion "1"]
[SourceVersionDate "2024.09.30"]
[SourceQuality "1"]

1. d4 e6 2. Nf3 d5 3. Bg5 Nf6 4. Nbd2 h6 5. Bh4 g5 6. Bg3 Nh5 7. e3 Nxg3 8. hxg3 c5 9. c3 Nc6 10. Bd3 c4 11. Bc2 b5 12. a4 b4 13. e4 f5 14. Qe2 dxe4 15. Nxe4 fxe4 16. Bxe4 Bd7 17. Qxc4 Rc8 18. Bg6+ Ke7 19. Qd3 bxc3 20. bxc3 Bg7 21. 0-0 Qa5 22. Rfe1 Kd8 23. Rab1 Ne7 24. Ne5 Bxe5 25. Rxe5 Qxc3 26. Qa6 Qxd4 27. Qa5+ Rc7 28. Rb8+ Bc8 29. Re2 Qc3 30. Rd2+ Nd5 31. Rxc8+ Kxc8 32. Qa6+ Kb8 33. Rd3 Qe1+ 34. Kh2 Ka8 35. Rb3 Rb8 36. Rxb8+ Kxb8 37. Qb5+ Rb7 38. Qe8+ Kc7 39. Qf7+ Kc6 40. Qe8+ Kc5 41. Qc8+ Rc7 42. Qf8+ 1-0

[Event "Havana Giraldilla op"]
[Site "Havana"]
[Date "2024.08.15"]
[Round "6"]
[White "Guillen Napoles, Jorge Felipe"]
[Black "Nunez Gonzalez, Alejandro"]
[Result "1-0"]
[WhiteElo "1983"]
[BlackElo "1611"]
[PlyCount "61"]
[EventDate "2024.08.12"]
[EventType "swiss"]
[EventRounds "9"]
[EventCountry "CUB"]
[SourceTitle "CBM 221 Extra"]
[Source "ChessBase"]
[SourceDate "2024.09.30"]
[SourceVersion "1"]
[SourceVersionDate "2024.09.30"]
[SourceQuality "1"]

1. d4 d5 2. Nf3 Nf6 3. c4 c6 4. Nc3 e6 5. Bf4 Bd6 6. Qd2 Bxf4 7. Qxf4 Nbd7 8. h4 Qb6 9. 0-0-0 c5 10. Qg5 cxd4 11. Nxd4 dxc4 12. e4 Qc5 13. Qxg7 Rg8 14. Qh6 Rg6 15. Qd2 a6 16. f4 Nb6 17. e5 Nfd5 18. Ne4 Qc7 19. Kb1 Bd7 20. Rc1 f6 21. Bxc4 Nxc4 22. Rxc4 Bc6 23. Nd6+ Ke7 24. Nxe6 Kxe6 25. f5+ Kxe5 26. fxg6 Kxd6 27. Rf1 Ke7 28. Qxd5 Bxd5 29. Rxc7+ Kd6 30. Rxh7 Rg8 31. h5 1-0

[Event "Capablanca Memorial op 57th"]
[Site "Havana"]
[Date "2024.05.04"]
[Round "2"]
[White "Leon Valdes, Jony Wilson"]
[Black "Guillen Napoles, Jorge Felipe"]
[Result "1-0"]
[WhiteElo "2311"]
[BlackElo "1990"]
[PlyCount "65"]
[EventDate "2024.05.03"]
[EventType "swiss"]
[EventRounds "10"]
[EventCountry "CUB"]
[SourceTitle "EXT 2025"]
[Source "ChessBase"]
[SourceDate "2024.10.14"]
[SourceVersion "1"]
[SourceVersionDate "2024.10.14"]
[SourceQuality "1"]

1. d4 Nf6 2. c4 e6 3. g3 d5 4. Bg2 Be7 5. Nf3 0-0 6. 0-0 c5 7. cxd5 exd5 8. Nc3 c4 9. Ne5 Nc6 10. b3 Bb4 11. Bd2 Qa5 12. Qc2 cxb3 13. Qxb3 Ne4 14. Nxe4 dxe4 15. Nc4 Qb5 16. a4 Qd5 17. Bxb4 Be6 18. Bxf8 Rxf8 19. Rfc1 Rc8 20. Nd2 Re8 21. Qxd5 Bxd5 22. Rab1 f5 23. e3 Re7 24. Bf1 Kf7 25. Rb5 Ke6 26. Bc4 Bxc4 27. Re5+ Kf6 28. Rxe7 Kxe7 29. Nxc4 g6 30. a5 Kd7 31. f3 Ne7 32. fxe4 fxe4 33. Rb1 1-0

[Event "Capablanca Memorial op 57th"]
[Site "Havana"]
[Date "2024.05.03"]
[Round "1"]
[White "Guillen Napoles, Jorge Felipe"]
[Black "Alvarez Calzadilla, Jose Avelino"]
[Result "1/2-1/2"]
[WhiteElo "1990"]
[BlackElo "2337"]
[PlyCount "99"]
[EventDate "2024.05.03"]
[EventType "swiss"]
[EventRounds "10"]
[EventCountry "CUB"]
[SourceTitle "EXT 2025"]
[Source "ChessBase"]
[SourceDate "2024.10.14"]
[SourceVersion "1"]
[SourceVersionDate "2024.10.14"]
[SourceQuality "1"]

1. d4 Nf6 2. c4 g6 3. Nc3 d5 4. Nf3 Bg7 5. Bf4 0-0 6. Rc1 dxc4 7. e3 c5 8. Bxc4 cxd4 9. Nxd4 Bd7 10. 0-0 Nc6 11. Nf3 Rc8 12. Qe2 Qa5 13. Rfd1 Bg4 14. h3 Bxf3 15. Qxf3 Ne5 16. Bxe5 Qxe5 17. Bb3 b6 18. Rd4 Qb8 19. Rcd1 b5 20. g4 a5 21. g5 Ne8 22. Rf4 Nd6 23. Nd5 Qb7 24. Nf6+ exf6 25. Rxd6 Qxf3 26. Rxf3 f5 27. Rd7 a4 28. Bd5 Bxb2 29. e4 b4 30. exf5 Rc3 31. fxg6 Rxf3 32. gxh7+ Kxh7 33. Bxf3 Kg6 34. h4 Be5 35. Ra7 Rg8 36. Be4+ Kh5 37. Rxf7 Kxh4 38. f4 b3 39. axb3 Bd4+ 40. Kg2 a3 41. Bb1 Kg4 42. g6 Rd8 43. b4 Bc3 44. Rc7 Rd2+ 45. Kf1 Bd4 46. g7 Bxg7 47. Rxg7+ Kxf4 48. Ra7 Rd1+ 49. Ke2 Rxb1 50. Rxa3 1/2-1/2